| 000 | 01066nam a22003377a 4500 | ||
|---|---|---|---|
| 001 | 3860494 | ||
| 003 | OSt | ||
| 005 | 20210419082513.0 | ||
| 008 | 880413s1985 ru a 000 1 eng | ||
| 010 | _a 88130410 | ||
| 020 | _a5050000068 (set) | ||
| 020 | _a5050000076 (v. 1) | ||
| 020 | _a5050000084 (v. 2) | ||
| 040 |
_aDLC _cDLC _dDLC _beng |
||
| 041 | 1 | _aenggeo | |
| 050 | 0 | 0 |
_aPK9169.A52 _bD3813 1985 |
| 080 |
_a821.111 _bA-48 |
||
| 082 | 0 | 0 |
_a899/.96 _219 |
| 100 |
_aAmiredzhibi, Chabua _91100 |
||
| 240 | 1 | 0 |
_aDatʻa Tʻutʻašxia. _lEnglish |
| 245 | 1 | 0 |
_aData Tutashkhia : Book One _ba novel / _c/ by: Raduga Publishers |
| 260 |
_aMoscow _bRaduga Publishers _cc1985. |
||
| 300 |
_av 1, 347 p. _bill. _c21 cm. |
||
| 500 | _aTranslation of: Datʻa Tʻutʻašxia. | ||
| 650 | 0 |
_9254 _aEnglish literature |
|
| 653 | _aინგლისური ლიტერატურა | ||
| 700 |
_91101 _aBouis, W. Antonina _eTranslator |
||
| 906 |
_a7 _bcbc _corignew _d2 _encip _f19 _gy-gencatlg |
||
| 942 |
_2udc _cBK |
||
| 999 |
_c1823 _d1823 |
||